Multimédiá
Saved in:
| Main Author: | |
|---|---|
| Format: | Book |
| Language: | Slovak |
| Published: |
Bratislava :
STU v Bratislave,
1999
|
| Edition: | 1. |
| Subjects: | |
| Online Access: | OBSAH |
| Tags: |
No Tags, Be the first to tag this record!
|
MARC
| LEADER | 00000nam a22000003a 4500 | ||
|---|---|---|---|
| 001 | stu52277 | ||
| 005 | 20220401152929.5 | ||
| 008 | 000228s1999----xo------------------slo-d | ||
| 020 | |a 80-227-1208-6 | ||
| 040 | |a STU |b slo | ||
| 041 | 0 | |a slo | |
| 044 | |a xo | ||
| 080 | |a 681.3.021:371.3(075.8) | ||
| 100 | 1 | |a Velicsányi, Ladislav |4 aut | |
| 245 | 1 | |a Multimédiá | |
| 250 | |a 1. | ||
| 260 | |a Bratislava : |b STU v Bratislave, |c 1999 | ||
| 300 | |a 62 s | ||
| 650 | 7 | |a multimédiá-vzdelávanie |2 stusub | |
| 650 | 7 | |a Komunikácia multimediálna |2 stusub | |
| 856 | 4 | |a https://sweb.mtf.stuba.sk/obsahy/Multimedia_99 |u https://sweb.mtf.stuba.sk/obsahy/Multimedia_99 |3 OBSAH | |
| 996 | |b 284M001059 |c M*S-971-118 |l MMKN |s A |a 24 |w stu52277_0001 | ||
| 996 | |b 284M001017 |c M*S-971-76 |l MMKN |s A |a 24 |w stu52277_0002 | ||
| 996 | |b 284M001023 |c M*S-971-82 |l MMKN |s A |a 24 |w stu52277_0003 | ||
| 996 | |b 284M001024 |c M*S-971-83 |l MMKN |s A |a 24 |w stu52277_0004 | ||
| 996 | |b 284M001025 |c M*S-971-84 |l MMKN |s A |a 24 |w stu52277_0005 | ||
| 996 | |b 284M001029 |c M*S-971-88 |l MMKN |s A |a 24 |w stu52277_0006 | ||
| 996 | |b 284M001001 |c M*S-971-60 |l MMKN |s A |a 24 |w stu52277_0007 | ||
| 996 | |b 284M001002 |c M*S-971-61 |l MMKN |s A |a 24 |w stu52277_0008 | ||
| 996 | |b 284M001003 |c M*S-971-62 |l MMKN |s A |a 24 |w stu52277_0009 | ||
| 996 | |b 284M000943 |c M*S-971-2 |l MMKN |s A |a 24 |w stu52277_0010 | ||
| 996 | |b 284M000944 |c M*S-971-3 |l MMKN |s A |a 24 |w stu52277_0011 | ||
| 996 | |b 284M000942 |c M*S-971-1 |l MMKN |s A |a 24 |w stu52277_0012 | ||
| 996 | |b 284M001000 |c M*S-971-59 |l MMKN |s A |a 24 |w stu52277_0013 | ||
| 996 | |b 284M001028 |c M*S-971-87 |l MMKN |s A |a 24 |w stu52277_0014 | ||
| 996 | |b 284M001004 |c M*S-971-63 |l MMKN |s A |a 24 |w stu52277_0015 | ||
| 996 | |b 284M001050 |c M*S-971-109 |l MMKN |s A |a 24 |w stu52277_0016 | ||